| 000 | 01130nam a22002657a 4500 | ||
|---|---|---|---|
| 005 | 20080905121451.0 | ||
| 008 | 080905t xxu||||| |||| 00| 0 hin d | ||
| 010 | _aHIN-92874 | ||
| 020 |
_c200.00 _a9788185255477 |
||
| 035 | _aHN-65220 | ||
| 037 | _bDBAD / PUB | ||
| 040 |
_aDPL _bHN |
||
| 082 | _aक | ||
| 100 |
_aमालती प्रकाश _928442 |
||
| 245 |
_aक्या चाँद पानी भरेगा / _cमालती प्रकाश |
||
| 246 |
_akya chand pani bharega _bby Malati Prakash |
||
| 260 |
_aदिल्ली _bअभिव्यक्ति प्रकाशन _c2011 |
||
| 270 |
_a29/61,गली नं-11, विश्वास नगर _bदिल्ली _e110032 |
||
| 300 |
_a104पृ _c22सेमी (सजिल्द) |
||
| 650 |
_928443 _aलघु कथाएँ, हिन्दी |
||
| 650 |
_928455 _aShort Stories, Hindi |
||
| 700 | _928516 | ||
| 942 |
_adpl _cHN _2ddc _mमालती _hक |
||
| 999 |
_c52778 _d52778 |
||